| 000 | 00369 a2200169 4500 | ||
|---|---|---|---|
| 001 | 70145 | ||
| 020 | _a8535616063 | ||
| 040 | _cAnchieta - Itaigara | ||
| 100 | _aMigliorin, Carlos A. | ||
| 240 | 1 | 0 |
_aPintando o sete _lpor |
| 245 | 1 | 0 | _aPintando o sete |
| 300 | _a47 | ||
| 362 | 0 | _a2005 | |
| 440 | 1 | _aPaulinas | |
| 650 | 4 | _aLiteratura infanto-juvenil | |
| 942 | _cBK | ||
| 999 |
_c70145 _d70145 |
||